000 00419nam a22001697a 4500
005 20230713150513.0
008 230713b |||||||| |||| 00| 0 eng d
020 _a9789386341259
041 _aEnglish
082 _a891.46
100 _aMurphy Joseph
_9185129
245 _aThe Power of Your Subconscious Mind
260 _aMumbai
_bGolden Minds Publishing House
300 _a260
365 _b199
942 _cCB
999 _c167012
_d167012